The concise guide to physiotherapy Volume 1 assessment (Record no. 31139)

MARC details
000 -LEADER
fixed length control field 00591nam a2200145 a 4500
008 - FIXED-LENGTH DATA ELEMENTS--GENERAL INFORMATION
fixed length control field 130806s2012 ||||||||||||||||| || u
020 ## - INTERNATIONAL STANDARD BOOK NUMBER
International Standard Book Number 9780702035524
050 ## - LIBRARY OF CONGRESS CALL NUMBER
Classification number RM 700 Ain
100 ## - MAIN ENTRY--PERSONAL NAME
Personal name Ainslie, Tim
245 14 - TITLE STATEMENT
Title The concise guide to physiotherapy Volume 1 assessment
Statement of responsibility, etc. by Tim Ainslie
260 ## - PUBLICATION, DISTRIBUTION, ETC.
Place of publication, distribution, etc. Edinburgh:
Name of publisher, distributor, etc. Churchill Livingstone/Elsevier
Date of publication, distribution, etc. 2012
300 ## - PHYSICAL DESCRIPTION
Extent xi, 302p.: ill.
650 #0 - SUBJECT ADDED ENTRY--TOPICAL TERM
Topical term or geographic name entry element PHYSICAL THERAPY
995 ## -
-- MEDICAL LIBRARY OPEN ACCESS
-- 902269
-- CBU-SCHOOL OF MEDICINE LIBRARY (Ndola)
-- RM 700 Ain
-- 1
-- AVAILABLE
-- Aug 20, 2013
-- 902269
-- Medical Library Open Access Collection
999 ## -
-- 31139
-- 31139
Holdings
Withdrawn status Lost status Source of classification or shelving scheme Damaged status Not for loan Permanent Location Current Location Shelving location Date acquired Total Checkouts Full call number Barcode Date last seen Price effective from Koha item type
          CBU-SCHOOL OF MEDICINE LIBRARY, NDOLA. CBU-SCHOOL OF MEDICINE LIBRARY, NDOLA.   11/30/2022   RM 700 Ain 902269 11/30/2022 11/30/2022 MONOGRAPH